World's 100 Best Airports 2014 - Statistics

General Stats
  • This quiz has been taken 1,821 times
  • The average score is 57 of 100
Answer Stats
Answer % Correct
Heathrow
91%
New York JFK
89%
Paris Charles DeGaulle
89%
London Gatwick
88%
Narita International
87%
Tokyo International
86%
Beijing International
85%
London Stansted
85%
Singapore Changi
85%
Dubai International
83%
London City
83%
Madrid-Barajas
83%
Sydney
83%
Chicago O'Hare
81%
Shanghai Hongqiao
81%
Shanghai Pudong
81%
Moscow Domodedovo
80%
Moscow Sheremetyevo
80%
Barcelona
79%
Amsterdam Schiphol
78%
Hong Kong
78%
Toronto
78%
Frankfurt
77%
Incheon International
77%
Melbourne
77%
Bangkok Suvarnabhumi
75%
Gimpo International
75%
Stockholm Arlanda
75%
Atlanta International
74%
Munich
74%
Oslo
74%
Istanbul Atatürk
73%
San Francisco
73%
Dallas/Fort Worth
72%
Vancouver
72%
Delhi International
71%
Dublin
70%
Helsinki
69%
Jakarta
69%
Perth
69%
Seattle-Tacoma
69%
Athens International
68%
Boston Logan
68%
Copenhagen
68%
Auckland International
67%
Houston George Bush
67%
Lisbon
67%
Cape Town International
66%
Johannesburg
65%
Kansai International
65%
Vienna
65%
Zurich
65%
Kuala Lumpur International
64%
Brussels
63%
Montréal-Pierre Elliott
63%
Abu Dhabi
62%
Denver International
60%
Doha International
60%
Brisbane
59%
Manchester
59%
Warsaw
58%
Prague
57%
Budapest
56%
Taoyuan International
56%
Guangzhou
55%
Hamburg
50%
Detroit Metropolitan
48%
Adelaide
47%
Philadelphia
46%
Lima
44%
Charlotte/Douglas
40%
Dusseldorf
40%
Birmingham
39%
Shenzhen
39%
Minneapolis-Saint Paul
38%
Nice
38%
Cologne/Bonn
37%
Chengdu
36%
Keflavik
33%
Bahrain International
31%
Centrair
31%
Porto
31%
Xi'an International
31%
Christchurch International
30%
Muscat International
29%
Durban
25%
Bengaluru
21%
Panama Tocumen
21%
Fukuoka
17%
Luxembourg
16%
Gold Coast
14%
Raleigh-Durham
14%
Cincinnati International
11%
Hyderabad
10%
Halifax
9%
Malta International
8%
Guayaquil International
6%
Billund
3%
Haikou International
3%
Sanya International
2%
No matching quizzes found
Score Distribution
Percent of People with Each Score
Percentile by Number Answered
Your Score History
You have not taken this quiz